000 01108naa a22003017a 4500
001 BR8108602
003 BR-BrBNA
005 20240918175059.0
007 ta
008 230509b bl.||||| |||| 00| 0 por d
040 _aBR-BrBNA
_bpor
_cBiblioteca Nacional de Agricultura
041 _a(Pt)
072 _aH20
_b4150
_b1123
_bG514
090 _aH20 BR8108602
100 1 _aBatista, F.A.S.
100 1 _aGomes, R.C.
100 1 _aRamos, U.F.
111 1 _a6. Congresso Brasileiro de Fruticultura
_cRecife, PE (Brazil)
_d25-31 Jan 1981
245 1 _aOcorrencia de uma anormalidade, de possivel causa virotica ou semelhante a virus, provocando o "enfesamento do maracujazeiro [Brasil]
260 3 _aAracaju, SE (Brasil):
_c1981.
500 _aAnais da estacao experimental de Boquim Aracaju, SE (Brasil): 1981. p. 129-136 (BR8108602-AM)H20
650 _aMARACUJA
650 _aDOENCA DE PLANTA
650 _aENFEZAMENTO
773 0 _tAnais da estacao experimental de Boquim
_wH20 BR8108602
_gAracaju, SE (Brasil), 1981. p. 129-136
909 _a202404
_bLucia
_c55
_dLucia Elande
942 _cAM
_2AGRIS
999 _c314908
_d314908